Rozpoznaj te litery - Statystyki

Ogólne statystyki
  • Ten quiz został rozwiązany 14 razy
  • Średni wynik to 12 z 15
Statystyki odpowiedzi
Hint Odpowiedź % Poprawnych
O O
100%
A a
93%
B be
79%
C ce
79%
F ef
79%
L El
79%
M em
79%
R Er
79%
S Es
79%
V fał
79%
H Ha
79%
X iks
79%
J Jot
79%
P pe
79%
W wu
79%
Nie znaleziono quizów pasujących do podanych kryteriów
Rozkład punktacji
Procent ludzi z każdym wynikiem
Percentyl według liczby udzielonych odpowiedzi
Twoja historia wyników
Nie rozwiązałeś tego quizu